| 000 | 01762nam1a2200373 i 4500 | ||
|---|---|---|---|
| 001 | RU\NLR\BIBL_A\022103374 | ||
| 005 | 20241103093018.0 | ||
| 010 |
_a9785970483114 _bобщ. |
||
| 035 | _a(NLR Aleph) 022103374 | ||
| 090 |
_a12753662 _c12753662 |
||
| 100 | _a20231227g20249999k y0rusy50 ca | ||
| 101 | 1 |
_arus _ceng |
|
| 102 | _aRU | ||
| 105 | _a||||z|||||||| | ||
| 181 | 0 |
_ai3 _baxxe |
|
| 182 | 0 | _an | |
| 200 | 1 |
_aВнутренние болезни по Дэвидсону _eруководство _eв 5 томах _f[Brian J. Angus и др.] _gредакторы: Стюарт Г. Рэлстон [и др.] _gперевод с английского под редакцией члена-корреспондента РАН, профессора В. В. Фомина, профессора Д. А. Напалкова |
|
| 203 |
_aТекст _bвизуальный _cнепосредственный |
||
| 205 | _a2-е изд. | ||
| 210 |
_aМосква _cГЭОТАР-Медиа _d2024 |
||
| 215 | _d26 | ||
| 225 | 1 | _aСерия "Внутренние болезни по Дэвидсону" | |
| 300 | _aЗагл. ориг.: Davidson's principles and practice of medicine | ||
| 454 | 0 |
_12001#$aDavidson's principles and practice of medicine _tDavidson's principles and practice of medicine |
|
| 606 |
_aВнутренние болезни _jРуководства, пособия и т.п _9953637 _3RU\NLR\AUTH\6636104 |
||
| 675 |
_a616.1/.4 _v4 |
||
| 686 | 1 | _aР410я7 | |
| 702 | 1 |
_aАнгус _bБ. Д. _gБрайан Д. _4220 |
|
| 702 | 1 |
_aРэлстон _bС. Г. _gСтюарт Г. _4340 |
|
| 702 | 1 |
_aДэвидсон _bС. _f1894-1981 _gСтэнли _4570 |
|
| 852 |
_aNLR _j2023-7/6948 |
||
| 942 | _cBOOK | ||